00503nam a2200157Ia 450000500170000000800410001702000150005804000190007304100120009208200130010424501410011726000320025830000260029050400190031685000100033520230606160143.0131103s9999 xx 000 0 und d a8886843798 aLoreto College aEnglish a937bIMP aImperial Rome and the St. Peter's Basilicab including transparent overlays of ancient Rome-Pompeii-Villa Adriana cedited by Lozzi Roma aNicolaibThe Editorc[19-?] a90 p.b col. ill.,+CD aIncludes index aLCLIB